000
00435nam a22001217a 4500
003
SGT
082
_a
891.4309
_b
H84S
100
_a
शाण्डिल्य, शिव कुमार
245
_a
हिंदी भाषा और संप्रेषण प्रक्रिया
260
_b
हिंदी भाषा और संप्रेषण प्रक्रिया
_c
1984
300
_a
70
942
_2
ddc
_c
BK
999
_c
31245
_d
31245